000 00711nam a2200205 a 4500
001 000011026
005 20240412074222.0
008 091013t2003 dr a 000 p spa d
040 _aDO-SdBNP
_bspa
_cBNPHU
082 _aRD861.44
_bT689t
100 1 _aTorre, Cabral de la
_926469
245 1 0 _aTorbellino de la voz /
_cCabral de la Torre.
260 _aSan Francisco de Macorís, República Dominicana :
_bÁngeles de Fierro,
_c2003.
300 _a115 p. :
_bil. ;
_c19 cm.
500 _aIncluye datos biográficos del autor en la contracubierta.
590 _aInventariado, 2019/LP
650 0 _aPoesía dominicana
_966
650 0 _aLiteratura dominicana.
_967
910 _aValidado. Control de calidad EMS.
999 _c10764
_d10764